A Europa passo a passo (Registo nº 66)

Detalhes MARC
000 -Etiqueta do registo
Cabeçalho 00675nam0a22002891 4500
005 - Identificador da versão
Campo de controlo 20240813121753.0
010 ## - Número internacional normalizado dos livros (ISBN)
Número (ISBN) 9728779186
021 ## - Número do Depósito Legal
Código do país PT
Número 209671/04
035 ## - Other System Control Numbers
System Control Number 0000069
System Control Number 0000069
System Control Number 0000069
System Control Number 0000069
100 ## - Dados gerais de processamento
Dados gerais de processamento 20041103d a e0pory5003 ba
102 ## - Pais de publicação ou produção
País de publicação Portugal
101 1# - Língua de publicação
Língua do texto, banda sonora, etc. Português
Língua do documento no original Francês
106 ## - Campo de dados codificados: material textual
Dados codificados do material textual r
105 ## - Campo de dados codificados: livros
Dados codificados dos livros y z 001yy
215 ## - Descrição física 
Indicação específica da natureza do documento e extensão da espécie p.75
Dimensões cm
200 1# - Titulo e menção de responsabilidade
Título próprio A Europa passo a passo
Primeira menção de responsabilidade Jean-Benoit Durand
205 ## - Menção da edição
Menção da edição 1ª edição
210 ## - Publicação, Distribuição, etc. 
Lugar da edição, distribuição, etc. Lisboa
Nome do editor, distribuidor, etc. miosótis
Data da publicação, distribuição, etc. 2004
700 #1 - Nome de autor-pessoa física (responsabilidade principal)
Número de registo de entrada de autoridade 0001963
Palavra de ordem Durand
Outra parte do nome não tomada para palavra de ordem Jean-Benoit
966 ## - Identificação da Biblioteca
Sigla NUMETECA
942 ## - Elementos de entrada adicionados (Koha)
Tipo de item no Koha Livro
Exemplares
Situação do levantamento Origin of item (home branch) (coded) Biblioteca de empréstimo Código de barras Cota Circulation type (not for loan) Tipo de documento Nota do exemplar Damaged status
  Biblioteca Escolar Eng. Nuno Mergulhão Biblioteca Escolar Eng. Nuno Mergulhão BENM1026 321 DUR   Livro Sem mensagem